Languages by country (with yellow box) - Statistics

General Stats
  • This quiz has been taken 66 times
    36 since last reset
  • The average score is 103 of 196
Answer Stats
Hint Answer % Correct
Canada English
100%
United States of America English
100%
Mexico Spanish
100%
Guetamala Spanish
100%
El Salvador Spanish
81%
Honduras Spanish
81%
Nicaragua Spanish
81%
Costa Rica Spanish
81%
Panama Spanish
81%
Cuba Spanish
74%
Dominican Republic Spanish
74%
Ecuador Spanish
70%
Colombia Spanish
70%
United Kingdom English
67%
Venezuela Spanish
67%
Peru Spanish
67%
Chile Spanish
67%
Argentina Spanish
67%
Spain Spanish
67%
Albania Albanian
63%
Bulgaria Bulgarian
63%
Denmark Danish
63%
Ireland English
63%
Australia English
63%
France French
63%
Monaco French
63%
Germany German
63%
Greece Greek
63%
Italy Italian
63%
Vatican City State Italian
63%
North Macedonia Macedonian (arguably Bulgarian)
63%
Brazil Portuguese
63%
Portugal Portuguese
63%
Serbia Serbian (i.e. Serbo-Croatian)
63%
Bolivia Spanish
63%
Paraguay Spanish
63%
Uruguay Spanish
63%
Turkey Turkish
63%
Egypt Arabic
59%
Mauritania Arabic
59%
Yemen Arabic
59%
Oman Arabic
59%
Saudi Arabia Arabic
59%
United Arab Emirates Arabic
59%
Qatar Arabic
59%
Bahrain Arabic
59%
Kuwait Arabic
59%
Jordan Arabic
59%
Armenia Armenian
59%
Croatia Croatian (i.e. Serbo-Croatian)
59%
Cyprus Cypriot Greek
59%
Czech Republic Czech
59%
Netherlands Dutch
59%
Belgium Dutch (Flemish dialect) (L1 of majority)
59%
New Zealand English
59%
Singapore English (in addition to Chinese)
59%
Estonia Estonian
59%
Finland Finnish
59%
Georgia Georgian
59%
Switzerland German
59%
Liechtenstein German
59%
Austria German
59%
India Hindi
59%
Hungary Hungarian
59%
Iceland Icelandic
59%
San Marino Italian
59%
Latvia Latvian
59%
Lithuania Lithuanian
59%
Malta Maltese
59%
Norway Norwegian
59%
Poland Polish
59%
Romania Romanian
59%
Russia Russian
59%
Sweden Swedish
59%
Thailand Thai
59%
Ukraine Ukrainian
59%
Vietnam Vietnamese
59%
Libya Arabic
56%
Tunisia Arabic
56%
Algeria Arabic
56%
Morocco Arabic
56%
Lebanon Arabic
56%
Syria Arabic
56%
Iraq Arabic
56%
Azerbaijan Azerbaijani
56%
Bangladesh Bengali
56%
Bosnia and Herzegovina Bosnian (i.e. Serbo-Croatian)
56%
Andorra Catalan
56%
China Chinese (Mandarin)
56%
Taiwan Chinese (Taiwanese Hokkien)
56%
Ghana English (Akan largest L1)
56%
South Africa English (Zulu largest L1)
56%
Haiti Haitian Creole (French)
56%
Japan Japanese
56%
North Korea Korean
56%
South Korea Korean
56%
Kyrgyzstan Kyrgyz
56%
Mongolia Mongolian
56%
Nepal Nepali
56%
Iran Persian (aka Farsi)
56%
Slovakia Slovakian
56%
Slovenia Slovenian
56%
Tajikistan Tajik (Persian)
56%
Turkmenistan Turkmen
56%
Uzbekistan Uzbek
56%
Kosovo Albanian
52%
Ethiopia Amharic
52%
Indonesia Bahasa Indonesia
52%
Malaysia Bahasa Malaysia
52%
Myanmar/Burma Burmese
52%
Afghanistan Dari (Persian) and Pashto
52%
Suriname Dutch
52%
Micronesia English (Chuukese largest L1)
52%
Liberia English (Kpelle largest L1)
52%
Gambia English (Mandinka largest L1)
52%
Nigeria English (Yoruba largest L1)
52%
Cameroon French (Bamileke languages largest L1)
52%
Guinea French (Fula largest L1)
52%
Burkina Faso French (Mossi largest L1)
52%
Israel Hebrew
52%
Kazakhstan Kazakh
52%
Cambodia Khmer
52%
Laos Lao
52%
Luxembourg Luxembourgish
52%
Madagascar Malagasy
52%
Montenegro Montenegrin (i.e. Serbo-Croatian)
52%
Moldova Romanian
52%
Samoa Samoan
52%
Pakistan Urdu (Punjabi largest L1)
52%
Chad Arabic
48%
Sudan Arabic
48%
Bhutan Dzongkha
48%
Uganda English (Luganda largest L1)
48%
Namibia English (Oshivambo largest L1)
48%
Fiji Fijian
48%
Ivory Coast French (Baoulé largest L1)
48%
Benin French (Fon largest L1)
48%
Mauritius Mauritian Creole (French)
48%
Nauru Nauruan
48%
Palau Palauan
48%
Sao Tome and Principe Portuguese
48%
Angola Portuguese (followed by Umbundu)
48%
Sri Lanka Sinhala
48%
Lesotho Sotho
48%
Kenya Swahili (Kikuyu largest L1)
48%
Swaziland Swazi
48%
Philippines Tagalog
48%
Tonga Tongan
48%
Belarus Belarusian
44%
Brunei Brunei Malay
44%
Gabon French (Fang largest L1)
44%
Democratic Republic of the Congo French (Kikongo largest L1)
44%
Seychelles Seychellois Creole (French)
44%
Somalia Somali
44%
Botswana Tswana
44%
Tuvalu Tuvaluan
44%
Vanuatu Bislama (English creole)
41%
Comoros Comorian
41%
South Sudan English (Dinka largest L1)
41%
Kiribati Gilbertese
41%
Burundi Kirundi
41%
Marshall Islands Marshallese
41%
Mozambique Portuguese (Makhuwa largest L1)
41%
Equatorial Guinea Spanish (Fang largest L1)
41%
Tanzania Swahili
41%
Rwanda Kinyarwanda
37%
East Timor Tetum
37%
Eritrea Tigrinya
37%
Papua New Guinea Tok Pisin (English creole)
37%
Antigua and Barbuda Antiguan Creole (English)
33%
The Bahamas Bahamian Creole (English)
33%
Dominica Dominican Creole French
33%
Grenada Grenadian Creole English
33%
Saint Lucia Saint Lucian Creole French
33%
Zimbabwe Shona
33%
Trinidad and Tobago Trinidadian Creole (English)
33%
Belize Belizean Creole / Kriol (English)
30%
Malawi Chewa (aka Nyanja)
30%
Maldives Dhivehi
30%
Guyana Guyanese Creole (English)
30%
Niger Hausa
30%
Jamaica Jamaican Patois (English creole)
30%
Central African Republic Sango (Ngbandi creole)
30%
Djibouti Somali
30%
Barbados Bajan Creole (English)
26%
Cape Verde Cape Verdean Creole (Portuguese)
26%
Saint Kitts and Nevis Saint Kitts Creole (English)
26%
Saint Vincent and the Grenadines Vincentian Creole (English)
26%
Senegal Wolof
26%
Guinea Bissau Guinea Bissau Creole (Portuguese)
22%
Sierra Leone Krio (English creole)
22%
Mali Bambara
19%
Togo Ewe and Kabiye
15%
Solomon Islands Pijin (English creole)
15%
Zambia Bemba
11%
Republic of the Congo Lingala
11%
No matching quizzes found
Score Distribution
Percent of People with Each Score
Percentile by Number Answered
Your Score History
You have not taken this quiz since the last reset